00649nam a2200145Ia 4500008004100000050002500041100002700066245015800093260008600251300002000337521001200357942000700369999001900376952010800395140724s9999 xx 000 0 und d aRT 81.5b.Al473 2007 aAlvarez, Chloe Rjay P. aPersonality type in relation to academic performance of 4th year student nurses of Southville International School and Colleges /cChloe Rjay P. Alvarez. aLas Piñas, Philippines :bSouthville International School and Colleges,cc2007. a65 p. :c28 cm. aNursing cTH c229040d229040 001040aCLbCLcTHESESd2014-07-24l0oRT 81.5 .Al473 2007pT0394r2018-05-15 00:00:00w2014-07-24yTH